Барьер несовместимости. Документальные рассказы о человеческих трагедиях

Chi tiết về thư mục
Tác giả khác: Сырокомский В. (составитель)
Ngôn ngữ:Tiếng Nga
Được phát hành: Москва, Прогресс, 1983
Những chủ đề:
Định dạng: Sách
KOHA link:https://koha.lib.tpu.ru/cgi-bin/koha/opac-detail.pl?biblionumber=303434

MARC

LEADER 00000nam0a2200000 4500
001 303434
005 20231101010106.0
035 |a (RuTPU)RU\TPU\book\328657 
090 |a 303434 
100 |a 20150902d1983 km y0rusy50 ca 
101 0 |a rus 
102 |a RU 
105 |a y z 000zy 
200 1 |a Барьер несовместимости. Документальные рассказы о человеческих трагедиях  |f сост. В. Сырокомский 
210 |a Москва  |c Прогресс  |d 1983 
215 |a 128 с. 
606 1 |a Международные отношения  |x История  |2 stltpush  |3 (RuTPU)RU\TPU\subj\75306 
610 1 |a идеологическая борьба 
610 1 |a антисоветизм 
610 1 |a антисоветская пропаганда 
610 1 |a радиостанции 
610 1 |a политическая эмиграция 
610 1 |a 20 в. 
610 1 |a трагедии 
610 1 |a документальная проза 
686 |a Ф4(0  |v LBC/SL-A  |2 rubbk 
702 1 |a Сырокомский  |b В.  |4 220 
801 1 |a RU  |b 63413507  |c 20150902 
801 2 |a RU  |b 63413507  |c 20190416  |g RCR 
942 |c BK